Celebrities That Have Been Arrested - Sudden Death - Statistics

General Stats
  • This quiz has been taken 93 times
  • The average score is 6 of 17
Answers on the Grid
Answers color-coded by a green-red scale on the quiz's grid according to % correct below.
Martha Stewart
Justin Bieber
Winona Ryder
Frank Sinatra
Bill Gates
Jane Fonda
Khloé Kardashian
Hugh Grant
Fiona Apple
Lindsay Lohan
Jay-Z
Eminem
Nina Dobrev
Keanu Reeves
Mick Jagger
Paris Hilton
Tiger Woods
Britney Spears
Adriana Lima
Jim Parsons
Chris Evans
Jennifer Garner
Mindy Kaling
Taylor Swift
Rihanna
Heidi Klum
Jack Black
Zooey Deschanel
Morgan Freeman
Madonna
 
Answer Stats
Answer % Correct
Justin Bieber
57%
Lindsay Lohan
57%
Eminem
44%
Tiger Woods
44%
Paris Hilton
43%
Winona Ryder
43%
Jay-Z
40%
Hugh Grant
38%
Martha Stewart
32%
Bill Gates
30%
Frank Sinatra
30%
Jane Fonda
25%
Mick Jagger
22%
Khloé Kardashian
21%
Keanu Reeves
17%
Nina Dobrev
13%
Fiona Apple
10%
No matching quizzes found
Score Distribution
Percent of People with Each Score
Percentile by Number Answered
Your Score History
You have not taken this quiz